[Event "Avoine op 32nd"]
[Site "Avoine"]
[Date "2017.07.22"]
[Round "5"]
[White "Gledel, Bernard"]
[Black "Suez Panama, Gilles"]
[Result "1/2-1/2"]
[WhiteElo "1749"]
[BlackElo "2057"]
[PlyCount "35"]
[EventDate "2017.07.22"]
[EventType "swiss"]
[EventRounds "9"]
[EventCountry "FRA"]
[SourceTitle "CBM 179 Extra"]
[Source "ChessBase"]
[SourceDate "2017.08.23"]
[SourceVersion "1"]
[SourceVersionDate "2017.08.23"]
[SourceQuality "1"]

1. e4 e6 2. d4 d5 3. exd5 exd5 4. Nf3 Bg4 5. Be2 Bd6 6. Ne5 Bxe2 7. Qxe2 Qe7 8. 0-0 Nf6 9. Nc3 c6 10. Bg5 0-0 11. Rfe1 Re8 12. Bxf6 Qxf6 13. Ng4 Qe7 14. Nf6+ gxf6 15. Qg4+ Kf8 16. Rxe7 Rxe7 17. Qc8+ Kg7 18. Qg4+ 1/2-1/2